Loading...
| Literature - European Literature | 0 | 2 | 0 | 1 | 20 | 110 | 127.00 | 0 | 0 |
| Literature - American Literature | 0 | 2 | 0 | 0 | 20 | 73 | 92.50 | 0 | 0 |
| Geography/Current Events | 0 | 1 | 0 | 0 | 10 | 55 | 55.00 | 0 | 0 |
| Social Science | 0 | 1 | 0 | 1 | 10 | 118 | 118.00 | 0 | 0 |
| Fine Arts - Visual Fine Arts | 0 | 1 | 0 | 0 | 10 | 124 | 124.00 | 0 | 0 |
| Literature - British Literature | 0 | 1 | 0 | 1 | 10 | 112 | 112.00 | 0 | 0 |
| Mythology | 0 | 1 | 0 | 0 | 10 | 114 | 114.00 | 0 | 0 |
| Pop Culture | 0 | 1 | 0 | 0 | 10 | 127 | 127.00 | 0 | 0 |
| Science - Other Science | 0 | 1 | 0 | 0 | 10 | 125 | 125.00 | 0 | 0 |
| Fine Arts - Classical Music | 0 | 1 | 0 | 0 | 10 | 104 | 104.00 | 0 | 0 |
| Science - Physics | 0 | 1 | 1 | 0 | 5 | 73 | 73.00 | 0 | 0 |
| Science - Biology | 0 | 1 | 1 | 0 | 5 | 86 | 86.00 | 0 | 0 |
| History - European History | 0 | 0 | 1 | 0 | -5 | 0.00 | 0 | 0 | |
| Fine Arts - Other Fine Arts | 0 | 0 | 1 | 0 | -5 | 0.00 | 0 | 0 | |
| Literature - World/Other Literature | 0 | 0 | 1 | 0 | -5 | 0.00 | 0 | 0 |